Aký má byť dobrý lektor
Tréningová, obsahová a školiteľská činnosť lektora. Práca pre vzdelávaciu agentúru alebo práca freelancera. Odborné a sociálne kompetencie lektora. Informácie typu "hard skills" alebo "soft skills".
Salvato in:
| Autore principale: | |
|---|---|
| Natura: | Capitolo di libro |
| Lingua: | slovacco |
| Soggetti: | |
| Tags: |
Nessun Tag, puoi essere il primo ad aggiungerne!!
|
MARC
| LEADER | 00000naa a2200000 4500 | ||
|---|---|---|---|
| 001 | 0126258 | ||
| 005 | 20230912101222.9 | ||
| 041 | 0 | |a slo | |
| 044 | |a SK | ||
| 245 | 1 | 0 | |a Aký má byť dobrý lektor |c Martin Prodaj |
| 520 | |a Tréningová, obsahová a školiteľská činnosť lektora. Práca pre vzdelávaciu agentúru alebo práca freelancera. Odborné a sociálne kompetencie lektora. Informácie typu "hard skills" alebo "soft skills". | ||
| 610 | 2 | 0 | |a riadenie ľudských zdrojov |
| 610 | 2 | 0 | |a práca s ľuďmi |
| 610 | 2 | 0 | |a prax odborná |
| 610 | 2 | 0 | |a vzdelávanie ďalšie |
| 610 | 2 | 0 | |a vzdelávanie celoživotné |
| 610 | 2 | 0 | |a kurzy |
| 610 | 2 | 0 | |a odbornosť |
| 610 | 2 | 0 | |a školenie odborné |
| 610 | 2 | 0 | |a náročnosť profesionálna |
| 610 | 2 | 0 | |a kvalifikácia |
| 100 | 1 | |a Prodaj, Martin | |